Taylor Swift - Robin (Lyrics) - Statistics

General Stats
  • This quiz has been taken 40 times
  • The average score is 131 of 172
Answer Stats
Answer % Correct
a
100%
go
100%
go,
100%
have
100%
Long
100%
may
100%
no
100%
reign
100%
tiger
100%
Tiger
100%
you
100%
You
100%
you,
100%
your
100%
You're
100%
an
90%
and
90%
And
90%
animal
90%
are
90%
Higher
90%
higher
90%
idea
90%
In
90%
in
90%
the
90%
The
90%
to
90%
To
90%
Way
90%
At
80%
it,
80%
roar
80%
sweetness
80%
All
70%
all
70%
bloodthirsty
70%
But
70%
Covered
70%
dinosaurs
70%
from
70%
got
70%
just
70%
keep
70%
on
70%
ruler
70%
we
70%
You'll
70%
above
60%
back
60%
bed
60%
dragonflies
60%
favorite
60%
for
60%
For
60%
like
60%
mud,
60%
of
60%
Out
60%
out
60%
room
60%
secret
60%
spot
60%
time
60%
Wilder
60%
will
60%
window
60%
arrive
50%
bounce
50%
cruel
50%
curiosity
50%
deep
50%
down
50%
dreams
50%
lighter
50%
look
50%
mean
50%
nonsense
50%
panes
50%
regrets
50%
ridiculous
50%
set
50%
swing
50%
this
50%
trampoline
50%
utter
50%
vowed
50%
we'll
50%
clocks
40%
curtail
40%
learn
40%
levers,
40%
now
40%
showmanship
40%
Strings
40%
talking
40%
tied
40%
Buried
30%
reach,
30%
Slowed
30%
tethered,
30%
No matching quizzes found
Score Distribution
Percent of People with Each Score
Percentile by Number Answered
Your Score History
You have not taken this quiz